A bibliography of cost accounting : its origins and development to 1914 /

Bibliographic Details
Main Author: Wells, M. C.
Format: Book
Language:English
Published: [Urbana] : Center for International Education and Research in Accounting, University of Illinois, [1978]
Series:Monograph (University of Illinois at Urbana-Champaign. Center for International Education and Research in Accounting) ; 10 [companion vol.].
Subjects:

MARC

Tag First Indicator Second Indicator Subfields
LEADER 00000cam a2200000 a 4500
001 in00000071570
005 20151008062303.0
008 790531s1978 ilu b s00010 eng d
035 |a (OCoLC)05022332 
035 |9 AAJ9909AM 
040 |a SPI  |c SPI  |d m.c.  |d TXA  |d UtOrBLW 
049 |a TXAM  |d [  |v =pt.]  |v 1 [1406886]  |v 2 [1406887] 
090 |a Z7164.C81  |b W4 
092 |a 016.65742  |b WELL 
100 1 |a Wells, M. C. 
245 1 2 |a A bibliography of cost accounting :  |b its origins and development to 1914 /  |c by M.C. Wells. 
264 1 |a [Urbana] :  |b Center for International Education and Research in Accounting, University of Illinois,  |c [1978] 
264 4 |c ©1978 
300 |a 2 volumes (xvi, 1058 pages) ;  |c 23 cm. 
336 |a text  |b txt  |2 rdacontent 
337 |a unmediated  |b n  |2 rdamedia 
338 |a volume  |b nc  |2 rdacarrier 
490 1 |a Monograph / Center for International Education and Research in Accounting ;  |v 10 
500 |a Companion volume to Accounting for common costs. 
650 0 |a Cost accounting  |x History  |x Bibliography. 
830 0 |a Monograph (University of Illinois at Urbana-Champaign. Center for International Education and Research in Accounting) ;  |v 10 [companion vol.]. 
999 |a MARS 
999 f f |s 23694e90-e2bb-37a5-9c6c-a1750d11c01a  |i c4a21d06-f2cc-3878-b301-f63c215e3f66  |t 0 
952 f f |p ric  |a Texas A&M University  |b Rellis Campus  |c Joint Library Facility  |d Remote Storage  |t 0  |e Z7164.C81 W4  |h Library of Congress classification  |i unmediated -- volume  |k pt.2  |m A14842631252 
952 f f |p ric  |a Texas A&M University  |b Rellis Campus  |c Joint Library Facility  |d Remote Storage  |t 0  |e Z7164.C81 W4  |h Library of Congress classification  |i unmediated -- volume  |k pt.1  |m A14842631260 
998 f f |a Z7164.C81 W4  |s pt.1-pt.2  |t 0  |l Remote Storage